Tết cổ truyền người Việt

Giới thiệu về tết làng quê và tết thành thị Việt Nam. Tìm hiểu về tết trong cung đình qua các triều đại trước. Một số trò chơi ngày tết

Sparad:
Bibliografiska uppgifter
Övriga upphovsmän: Nguyễn Hương Liên, Lê Hồng Lý, Lê Văn Kỳ, Lê Trung Vũ (ch.b.)
Materialtyp: Bok
Språk:Vietnamese
Publicerad: H. Văn hoá dân tộc 2012
Ämnen:
Taggar: Lägg till en tagg
Inga taggar, Lägg till första taggen!
Thư viện lưu trữ: Mạng thư viện Đại học Đà Nẵng
LEADER 01652aam a22004218a 4500
001 000018052
003 14479
005 20130827140807.0
008 130827s2012 viesd
020 |d 2000b 
041 0 |a vie 
082 1 4 |2 14  |a 394.261409597  |b Têt 
245 0 0 |a Tết cổ truyền người Việt  |c Lê Trung Vũ (ch.b.), Lê Văn Kỳ, Nguyễn Hương Liên, Lê Hồng Lý 
260 |a H.  |b Văn hoá dân tộc  |c 2012 
300 |a 254 tr.  |c 21 cm. 
500 |a ĐTTS ghi: Hội Văn nghệ dân gian Việt Nam 
504 |a Phụ lục: tr. 217-238. - Thư mục: tr. 239-250 
520 |a Giới thiệu về tết làng quê và tết thành thị Việt Nam. Tìm hiểu về tết trong cung đình qua các triều đại trước. Một số trò chơi ngày tết 
650 0 4 |2 Bộ TK TVQG  |a Tết cổ truyền  |x Người Việt  |z Việt Nam 
650 7 |2 Bộ TK TVQG 
650 7 |2 Bộ TK TVQG 
651 7 |2 Bộ TK TVQG  |a Việt Nam 
653 |a Trò chơi dân gian 
653 |a Tết Nguyên đán 
700 1 |a Nguyễn Hương Liên 
700 1 |a Lê Hồng Lý 
700 1 |a Lê Văn Kỳ 
700 1 |a Lê Trung Vũ  |e ch.b. 
OWN |a LSP 
AVA |a UDN50  |b LSP  |d 394.261409597 Têt  |e available  |t Error 5001 Not defined in file expand_doc_bib_avail.  |f 1  |g 0  |h N  |i 0  |k 1 
999 |a From the UDN01 
AVA |a UDN50  |b LSP  |d 394.261409597 Têt  |e available  |t Error 5001 Not defined in file expand_doc_bib_avail.  |f 1  |g 0  |h N  |i 0  |k 1 
TYP |a Monograph 
TYP |a Printed language 
980 |a Mạng thư viện Đại học Đà Nẵng